Dobrodružné hry a cvičení v přírodě /

Uloženo v:
Hlavní autor: Neuman, Jan, 1938- (Autor)
Další autoři: Ďoubalík, Petr (Autor)
Médium: Kniha
Jazyk:Czech
Vydáno: Praha : Portál, 1998
Vydání:1. vyd.
Témata:
Celkem bylo vypůjčeno:29x
Tagy:
Žádné tagy
LEADER 01097nam a2200289 a 4500
001 40801
005 20240330060236.0
008 980513s1998----xr ---------u-------cze-d
015 |a cnb000303220 
020 |a 80-7178-218-1 :  |c 177.00 Kč 
040 |a UOG502  |e AACR2  |9 1  |b cze 
080 |a 796/799 
080 |a 796.1/.2 
080 |a 37.03 
080 |a 379.8 
100 1 |a Neuman, Jan,  |d 1938-  |7 jn20000401857  |4 aut  |9 39352 
245 1 0 |a Dobrodružné hry a cvičení v přírodě /  |c Jan Neuman ; ilustr. Petr Ďoubalík 
250 |a 1. vyd. 
260 |a Praha :  |b Portál,  |c 1998 
300 |a 325 s., obr. 
500 |a Literatura 
653 |a příroda  |a dobrodružství  |a hry  |a soutěže  |a cvičení  |a cviky  |a didaktické hry  |a výchova  |a děti  |a mládež  |a návody  |a příručky 
700 1 |a Ďoubalík, Petr  |7 jo20000073856  |4 ill  |9 11670 
910 |a UOG502 
999 |c 40801  |d 40801 
942 0 0 |0 22 
993 |0 0  |1 421180046160  |4 0  |6 796_799000000000000  |7 0  |9 21702  |a 177.00  |b 0  |c 46160  |d 1998-05-13  |e 29  |f DOSP  |g 796/799  |h 177.00  |i Zámecké knihkupectví  |j 9  |l DOSP  |m 9  |r 2026-04-30  |s 2026-03-17  |t 5  |w 2017-09-19  |y KN  |z NAUCNA